Research design : (Record no. 28)

MARC details
000 -LEADER
fixed length control field 00693nam a22001937a 4500
005 - DATE AND TIME OF LATEST TRANSACTION
control field 20221229110324.0
008 - FIXED-LENGTH DATA ELEMENTS--GENERAL INFORMATION
fixed length control field 221229b |||||||| |||| 00| 0 eng d
020 ## - INTERNATIONAL STANDARD BOOK NUMBER
International Standard Book Number 9781452274614
040 ## - CATALOGING SOURCE
Original cataloging agency KMU
Transcribing agency KMU
050 ## - LIBRARY OF CONGRESS CALL NUMBER
Classification number H 62 Cre 2014
100 ## - MAIN ENTRY--PERSONAL NAME
Personal name Creswell John W.
245 ## - TITLE STATEMENT
Title Research design :
Remainder of title Qualitative, Quantitative, and Mixed Methods Approaches.
Statement of responsibility, etc. by John W. Creswell.
250 ## - EDITION STATEMENT
Edition statement 4th ed.
Remainder of edition statement International student edition
260 ## - PUBLICATION, DISTRIBUTION, ETC.
Place of publication, distribution, etc. California, Thosand Oaks ;
Name of publisher, distributor, etc. SAGE ,
Date of publication, distribution, etc. 2014 .
300 ## - PHYSICAL DESCRIPTION
Extent xxix,273 pages :
Other physical details Illustration ;
Dimensions 25 cm.
500 ## - GENERAL NOTE
General note Includes a bibliographic reference and an index
650 ## - SUBJECT ADDED ENTRY--TOPICAL TERM
Source of heading or term Oclc
Topical term or geographic name entry element Social sciences-Research-Methodology
942 ## - ADDED ENTRY ELEMENTS (KOHA)
Source of classification or shelving scheme Library of Congress Classification
Koha item type Non-Fiction
Edition 4th ed.
Suppress in OPAC No
Holdings
Withdrawn status Lost status Source of classification or shelving scheme Damaged status Not for loan Collection Home library Current library Shelving location Date acquired Source of acquisition Total Checkouts Total Renewals Full call number Barcode Date last seen Date last checked out Price effective from Koha item type
    Library of Congress Classification     Non-fiction Kapasa Makasa University Kapasa Makasa University Open Access 28.12.2022 Book Aid 7 2 H 62 Cre 747582 11.03.2026 18.12.2025 29.12.2022 Non-Fiction
    Library of Congress Classification     Non-fiction Kapasa Makasa University Kapasa Makasa University Open Access 28.12.2022 Book Aid 9 2 H 62 Cre 747581 24.11.2025 26.03.2025 29.12.2022 Non-Fiction